[Event "Amager-ch"]
[Site "Amager"]
[Date "2015.09.01"]
[Round "3"]
[White "Rasmussen, Hans Glavind"]
[Black "Tolba, Henri"]
[Result "1/2-1/2"]
[WhiteElo "1471"]
[BlackElo "1633"]
[PlyCount "50"]
[EventDate "2015.08.18"]
[EventType "swiss"]
[EventRounds "7"]
[EventCountry "DEN"]
[SourceTitle "EXT 2023"]
[Source "ChessBase"]
[SourceDate "2022.10.05"]
[SourceVersion "1"]
[SourceVersionDate "2022.10.05"]
[SourceQuality "1"]

1. Nf3 d5 2. d4 Nf6 3. c4 e6 4. Nc3 Be7 5. e3 0-0 6. Bd3 dxc4 7. Bxc4 c5 8. 0-0 Nc6 9. b3 cxd4 10. exd4 a6 11. Be3 b5 12. Bd3 Bb7 13. Qb1 Nb4 14. Ng5 Nxd3 15. Qxd3 h6 16. Nge4 Nxe4 17. Nxe4 Qd5 18. f3 Rac8 19. Rac1 Rfd8 20. Rfd1 Qf5 21. Nf2 Qxd3 22. Nxd3 Ba3 23. Rxc8 Rxc8 24. Nc5 Bxc5 25. dxc5 Bd5 1/2-1/2